000 00845namaa2200277 a 4500
001 vtls001304712
003 NLI
005 20210627043904.0
008 120418s1979 dcu i000 0 eng
039 9 _y201204181934
_zVLOAD
040 0 _aNLI
_cVTLS-2012_FOD
_eAACR2
041 0 _aeng
044 _adcu
082 0 4 _a338.973
110 2 _aUnited States.
_bDepartment of Commerce
_9695430
245 1 0 _aState querterly economic developments
260 _aWashington, D.C. :
_bUnited States Department of Commerce,
_c1979
300 _aVarious pagings ;
_c30 cm.
650 0 _aEconomic policy
_zUnited States
_9725466
650 0 _aIndustrial policy
_zUnited States
_9698507
887 _a
901 _aAD 131051
_b25.10.2010
902 _aU.S 338.973 Un 3
949 _AVIRTUAITEM
_D10000
_X100
_6ADX000131051ENG
942 _2ddc
_cBKS
999 _c596193
_d596193